000 00561nam a22001817a 4500
005 20251108164906.0
008 250721s1985 xx 000 0 ara d
082 1 4 _a962.03/أحم
100 1 _aخليفة، أحمد
245 1 0 _aالرأي بالرأي :
_bآراء وراء الأحداث /
264 1 _aالاقهرة :
_bالهيئة المصرية العامة للكتاب،
_c1985.
300 _a155ص
650 1 7 _aتاريخ مصر
650 1 7 _aالتاريخ السياسي
650 1 7 _aالثورات
942 _2ddc
_cBK
999 _c16804
_d16804